| 000 | 00588nam a22001697a 4500 | ||
|---|---|---|---|
| 003 | NUST | ||
| 005 | 20220807121113.0 | ||
| 008 | 220807b ||||| |||| 00| 0 eng d | ||
| 020 | _a978-1645312635 | ||
| 038 | _aAzhar | ||
| 082 |
_a330 _bSCH |
||
| 100 |
_aRodney W Schultz (Author) _996645 |
||
| 245 |
_aThe Transformation of a Trillion Dollar Industry: How Demographics, Technology, and Unbridled Immigration will Change the U.S. Economy forever Beginning in 2030 _cRodney W Schultz |
||
| 260 |
_aNew Jersey _bNewman Springs Publishing, Inc _c2019 |
||
| 300 | _a241p | ||
| 942 |
_2ddc _cLC |
||
| 999 |
_c590812 _d590812 |
||